000 00439nam a2200157Ia 4500
008 240729s9999 xx 000 0 und d
022 _a2714-4704
245 0 _aJournal of Nigerian Society of Physical Sciences
260 _aNigeria
260 _bNigerian Society of Physical Sciences
650 _a Physics
650 _aScience
856 _uhttps://doaj.org/toc/6f1bcca477b041b0bbfc47c373c96ab5
942 _2ddc
942 _cDOAJEJ
999 _c67342
_d67342
945 _a1
_bMadushi Gamage
_c1
_dMadushi Gamage